MDQL
is popping MORE tags! Check the
thread
!
Quizzes
Events
Quiz Creation
Community
Videos
Private Events
Remove Ads
Sign In
Join for FREE
Feedback
Dark Mode
Quiz Categories
Sports
Geography
Music
Movies
Television
Just For Fun
Miscellaneous
History
Literature
Language
Science
Gaming
Entertainment
Religion
Holiday
For Kids
Quiz Lab
Recent
Popular Today
Quiz Kudos Today
Editor Picks
Curator Picks
Quizzes by...
Day
Popularity
Type
Ratings
Length
Year
Community
Subscriptions
Recent Discussions
Orange Saloon
Badges
Playlists
Quests
Create
Leaderboards
Showdown
Live 5
Trivia Bingo
Activity
Puzzle Library
Sporcle Events
Private Events
Virtual Trivia
Globe League
Become a Host
Pub Owners
SporcleCon
Opinionation
Our Games
Videos
Blog
Mobile Apps
Partnerships
Remove Ads and Go Orange
Feedback
Music
Pop Music
The Beatles
Song
Album
Lyrics
Bands
Singers
Artist
Clip
Rock
Rap
Classical
Billboard
Country Music
Kpop
Taylor Swift
Music
Pop Music
The Beatles
Song
Album
Lyrics
Bands
Singers
Artist
Clip
Rock
Rap
Classical
Billboard
Country Music
Kpop
Taylor Swift
Random Quiz
Search Sporcle
×
Quiz Lab
Quiz Lab
Music
Clickable
Select answers by clicking on text or image buttons
Select answers by clicking on text or image buttons
Clickable
Best Score? Go Orange.
50 Songs By: Kasabian Stats
Can you pick the 50 Songs By: Kasabian
By
Project50Songs
10m
50 Questions
839 Plays
839 Plays
839 Plays
Comments
Comments
Give Quiz Kudos
Give Quiz Kudos
-
- Ratings
hide this ad
Replay
Link that replays current quiz
Next Quiz
Link to next quiz in quiz playlist
You Got
0%
They Got
Avg Score
83%
Avg Friend Score
Upgrade to see
Score Distribution
Jump to the score distribution portion of the page
Score
0/50
Timer
10:00
0
Plays Today
% Correct
Club Foot
96.4%
L.S.F. (Lost Souls Forever)
96.1%
Fire
95.1%
Eez-Eh
94.9%
Empire
94.6%
Underdog
94.4%
Vlad The Impaler
94.4%
Shoot The Runner
94.3%
Bumblebee
94.2%
Days Are Forgotten
94%
Velociraptor!
94%
Re-Wired
92.1%
Fast Fuse
91.9%
Processed Beats
91.4%
Thick As Thieves
90.7%
Reason Is Treason
90.3%
Goodbye Kiss
90.3%
Where Did All The Love Go?
89.6%
Stevie
89.2%
Switchblade Smiles
88.7%
(Shiva)
88.1%
Man Of Simple Pleasures
87.8%
I.D.
87.1%
The Doberman
86.9%
Cutt Off
86.8%
% Correct
Take Aim
85.3%
Let's Roll Like We Used To
83.2%
British Legion
83.1%
Swarfiga
82.2%
Ladies And Gentlemen, Roll The Dice
81.8%
Bow
80.6%
Test Transmission
78.7%
Butcher Blues
78.5%
I Hear Voices
78.3%
Neon Noon
77.9%
Treat
77.7%
Stuntman
77%
Me Plus One
75.9%
U Boat
75.7%
Secret Alphabets
73.9%
S.P.S.
73.7%
Glass
73.7%
Last Trip (In Flight)
73.4%
Apnoea
72.5%
Clouds
72.3%
Seek & Destroy
72.3%
Happiness
71.2%
Pinch Roller
71%
By My Side
62.8%
Gelfling
44.2%
Quiz Playlist
Details
Report
Send in Message
Add To Playlist
Clickable:
Select answers by clicking on text or image buttons
Last Updated: Feb 16, 2017
Quiz Scoreboard
CHALLENGE
Sign Up to Join the Scoreboard
Show All
Scores
Hide
Comments
May contain spoilers
Recently Published
Street Fighter Characters
by Artimus82
Gaming
60s
9x9 Crossword: Cartoon Network
by jackfrog10
Miscellaneous
3m
College Basketball Coaching Resumes
by pancakes188
Sports
9m
More to Explore
Quiz From the Vault
Featured Blog Post
Where Did the Easter Bunny Come From?
hide this ad
You Might Also Like...
Tags
Clickable Quiz
Song Quiz
Kasabian
Today's Top Quizzes in Music
Browse Music
hide this ad
Today's Top Quizzes in Clickable
Browse Clickable
Top Contributed Quizzes in Music
1
Taylor Swift All Songs (2024)
2
Taylor Swift Logic Puzzle
3
Guess the Artist- 70s Songs
4
7-to-1: Billboard Hot 100 #1 Hits of 2010s
5
Sorting Albums and Songs
6
KPOP LOGIC QUIZ
7
Guess the Taylor Swift song (Mystery Song)
8
Guess The Taylor Swift Lyrics Song #1
9
Billboard Blitz: ABBA
10
Billboard Blitz: The Beatles
Explore More
Trending Topics
Crossword
Kpop
Harry Potter
Anime
Disney
NBA
Marvel
Country
Puzzle
Song
NFL
WWE
Pokémon
Soccer
The Office
hide this ad
More By:
Project50Songs
Quiz
Plays
Rating
Category
Featured
Created
50 Songs By: Kings Of Leon
1,298
4.75
Music
Sep 17, 2013
50 Songs: A Load Of 'BS'
27,374
4.52
Music
Apr 20, 2015
50 Songs By: Metallica
9,319
4.50
Music
Aug 3, 2013
50 Songs By: Slipknot
8,378
4.56
Music
Jun 7, 2014
50 Songs By: Fall Out Boy
8,344
4.82
Music
Aug 7, 2013
50 Songs By: Iron Maiden
7,650
4.78
Music
Jun 3, 2014
Go to Creator's Profile
Score Distribution
Quiz Creator Spotlight
Project50Songs
Follow
Send a Message
Quizzes Created
-
Created Quiz Play Count
-
More By This Creator
Popular Quizzes Today
1
Find the US States - No Outlines Minefield
2
Find the Countries of Europe - No Outlines Minefield
3
The Countries of the World
4
Find the US States
5
Risky Map Clicking: Biggest States A-Z
6
US States
7
Popular People in 1961
8
Movies - When Are They Set?
More Music Quizzes
Creem Magazine 1980s Covers Picture Click
Quiz Lab
Trending Quizzes
Risky Map Clicking: Least Populous States A-Z
Countries of the World: 200 Million BC
1-10 Letter G Words
Risky Map Clicking: Next State Alphabetically
Adjectives in 80s TV Shows
Recently Updated
Leaping Animals
pecheneg
Reality TV Shows (A-Z)
bhenderson79
Rickey Henderson's Hall of Fame Teammates
pecheneg
Champions League XIs: Arsenal
pecheneg
Quick Pick: Celebrities in WWE's Hall of Fame
aduchscher
A-Z Keypad Blitz II
pecheneg
Multiple Oscar Actors
pecheneg
Mystery Phrase Blitz: Oscar 'Best Actors'
pecheneg
F. Scott Fitzgerald Novels
LTH
Pick 3 Villains
ddd62291
Trending Topics
Crossword
NBA
Anime
Harry Potter
Kpop
Marvel
Disney
Song
The Office
Soccer
NFL
Country
Puzzle
WWE
Pokémon
Your Account Isn't Verified!
In order to create a playlist on Sporcle, you need to verify the email address you used during registration. Go to your
Sporcle Settings
to finish the process.
Report this User
Report this user for behavior that violates our
Community Guidelines
.
Details:
Send Report
Go to the Sporcle.com Mobile Site →
Comments